Ďalšie zmeny v zdravotnom poistení

Dňa 1. januára 2008 nadobudol účinnosť zákon č. 594/2007 Z.z., ktorým sa mení a dopĺňa zákon č. 580/2004 Z.z. o zdravotnom poistení a o zmene a doplnení zákona č. 95/2002 Z.z. o poisťovníctve a o zmene a doplnení niektorých zákonov v znení neskorších predpisov a o doplnení zákona č. 581/2004 Z.z....

ver descrição completa

Na minha lista:
Detalhes bibliográficos
Autor principal: Macková, Zuzana
Formato: Capítulo de Livro
Idioma:eslovaco
Assuntos:
Tags: Adicionar Tag
Sem tags, seja o primeiro a adicionar uma tag!

MARC

LEADER 00000naa$a2200000$$$4500
001 0072539
005 20231127094659.1
041 0 |a slo 
044 |a SK 
245 1 0 |a Ďalšie zmeny v zdravotnom poistení  |c Zuzana Macková 
520 |a Dňa 1. januára 2008 nadobudol účinnosť zákon č. 594/2007 Z.z., ktorým sa mení a dopĺňa zákon č. 580/2004 Z.z. o zdravotnom poistení a o zmene a doplnení zákona č. 95/2002 Z.z. o poisťovníctve a o zmene a doplnení niektorých zákonov v znení neskorších predpisov a o doplnení zákona č. 581/2004 Z.z. o zdravotných poisťovniach, dohľade nad zdravotnou starostlivosťou a o zmene a doplnení niektorých zákonov v znení neskorších predpisov. Informácia o najdôležitejších zmenách. 
610 2 0 |a novelizácia 
610 2 0 |a Slovensko 
610 2 0 |a zákony 
610 2 0 |a poistenie zdravotné 
610 2 0 |a poisťovne zdravotné 
100 1 |a Macková, Zuzana